Missing Word: Warner Bros. Quiz Stats

Quiz Updated Sep 20, 2017

Challenge
Share
Tweet
Embed
Score 0/20 Timer 04:00
0 Plays Today
Movie Missing Word % Correct
You've Got _____Mail
93.5%
Driving _____ DaisyMiss
92.7%
_____ the MenaceDennis
92.2%
The _____ StuffRight
86.1%
_____ in a Bottle Message
84.4%
Something to _____ AboutTalk
77.8%
The _____ ExpressPolar
76.9%
Space _____Jam
60.9%
Miss _____Congeniality
55.9%
_____ of the SunEmpire
55.6%
Movie Missing Word % Correct
Extremely Loud & _____ CloseIncredibly
55.6%
Kangaroo _____Jack
55.1%
Dangerous _____Liaisons
49.5%
We Are _____Marshall
49.1%
Michael _____Clayton
44.5%
Jupiter _____Ascending
37.5%
_____ 57Passenger
24.2%
Police Academy: Mission to _____Moscow
22%
The _____ GuysNice
20.8%
_____ of the TitansWrath
16.3%

Today's Daily Dose

You're not logged in!

Compare scores with friends on all Sporcle quizzes.
Sign Up with Email
OR
Log In

You Might Also Like...

Show Comments

Extras

Top Quizzes Today


Score Distribution

Your Account Isn't Verified!

In order to create a playlist on Sporcle, you need to verify the email address you used during registration. Go to your Sporcle Settings to finish the process.

Report this User

Report this user for behavior that violates our Community Guidelines.

Details: